Biggest Cities in Nova Scotia on the Map - Statistics

General Stats
  • This quiz has been taken 191 times
  • The average score is 9 of 20
Answers on the Map
Answers color-coded by a green-red scale on the quiz's map according to % correct below.
 
Answer Stats
Pop City % Correct
348 k Halifax
100%
94.2 k Sydney
80%
23.5 k Truro
64%
7.8 k Yarmouth
60%
19.3 k New Glasgow
54%
9.5 k Amherst
50%
5.0 k Wolfville
50%
5.6 k Antigonish
48%
2.4 k Lunenburg
46%
14.9 k Kentville
44%
8.7 k Bridgewater
38%
2.6 k Pictou
36%
5.5 k Windsor
35%
2.5 k Liverpool
31%
2.9 k Port Hawkesbury
31%
2.4 k Berwick
25%
6.5 k Enfield-Lantz
24%
7.1 k Kingston-Greenwood
24%
2.6 k Springhill
23%
2.5 k Eskasoni
17%
No matching quizzes found
Score Distribution
Percent of People with Each Score
Percentile by Number Answered
Your Score History
You have not taken this quiz